The Thursday Murder Club Series - Statistics

General Stats
  • This quiz has been taken 23 times
  • The average score is 24 of 47
Answer Stats
Hint Answer % Correct
Club Members Ex-spy Elizabeth Best
100%
Club Members Ex-nurse Joyce Meadowcroft
100%
Club Members Ex-psychiatrist Ibrahim Arif
94%
Club Members Ex-union leader Ron Ritchie
94%
Police Local PC, friend of Club Donna De Freitas
89%
Police Local DCI, friend of Club Chris Hudson
83%
Family Members Son of ex-union leader Jason
83%
Books 1 The Thursday Murder Club
83%
Criminals Lovable Polish Handyman Bogdan Janowski
78%
Miscellaneous The name of the retirement community Cooper's Chase
78%
Family Members Daughter of ex-nurse Joanna
78%
Family Members Husband of ex-spy, has dementia Stephen
78%
Books 3 The Bullet That Missed
78%
Criminals Crooked Builder/Assistant to above (Bk1) Tony Curran
78%
Criminals Crooked Property Developer (Bk1) Ian Ventham
72%
Books 4 The Last Devil to Die
72%
Others Former club member with dementia (Bk1) Penny Gray
67%
Books 2 The Man Who Died Twice
67%
Criminals Cocaine Dealer (Bk2) Connie Johnson
61%
Miscellaneous Dog adopted by ex-nurse Alan
50%
Others Retired widower, sits in graveyard (Bk1) Bernard Cottle
50%
Others Waitress/Trainee Spy (Bk2) Poppy
50%
Others Missing reporter, presumed dead (Bk3) Bethany Waites
44%
Miscellaneous Where ex-nurse hides the diamonds Her microwave
44%
Family Members Late husband of ex-nurse Jerry
44%
Others Local TV Personality, friend of above (Bk3) Mike Waghorn
44%
Others Make-up artist, potential love interest (Bk3) Pauline Jenkins
44%
Criminals Mysterious figure, wants above killed (Bk3) The Viking
44%
Family Members Mother of PC Patrice
39%
Criminals Ex-KGB friend of ex-spy (Bk3) Viktor Illyich
39%
Police Chief constable of Kent (Bk3) Andrew Everton
33%
Others Local hairdresser Anthony
33%
Family Members Grandson of ex-union leader (Bk2) Kendrick
33%
Others Suspicious Reverend (Bk1) Matthew Mackie
33%
Criminals Hoodlum, attacks ex-psychiatrist (Bk2) Ryan Baird
28%
Others Computer-savvy resident, friend of Club (Bk4) "Computer Bob" Whittaker
22%
Family Members Ex-husband of ex-spy (Bk2) Douglas Middlemiss
22%
Others Antique dealer, friend of Club (Bk3) Kuldesh Sharma
22%
Others Welsh victim of romance scam (Bk3) Mervyn Collins
22%
Criminals Heroin dealers who lost shipment (Bk4) Dominic Holt
17%
Criminals Husband of above (Bk4) Garth
17%
Police SIO Officer investigating lost heroin (Bk4) Jill Regan
17%
Criminals Criminal middleman, loses diamonds (Bk2) Martin Lomax
17%
Criminals Antique dealer and art forger (Bk4) Samantha Barnes
17%
Miscellaneous Where ex-nurse hides the heroin Under her sink
17%
Criminals Heroin dealers who lost shipment (Bk4) Luka Buttaci
11%
Criminals Heroin dealers who lost shipment (Bk4) Mitch Maxwell
11%
No matching quizzes found
Score Distribution
Percent of People with Each Score
Percentile by Number Answered
Your Score History
You have not taken this quiz